Obálka Náhled e-knihy:
PDF Epub
Pro půjčování e-knih musíte být přihlášeni.
Jak si půjčit online?

Fašismus /

V březnu 1919 se na milánském náměstí Piazza San Sepolcro shromáždilo několik desítek lidí v čele se zapáleným nacionalistou Benitem Mussolinim. Výsledkem byl vznik organizace nazvané Italské bojové svazky (Fasci Italiani di Combattimento). Na politické scéně se tak objevil nový fenomén – fašismus....

Celý popis

Uloženo v:
Hlavní autor: Drábik, Jakub (Autor)
Médium: E-kniha
Jazyk:Czech
Vydáno: Praha : Nakladatelství Epocha s.r.o., 2026
Tagy:
Žádné tagy
LEADER 03043nam a22002297i 4500
001 302985
007 ta
008 260516s2026 xr ||||| |||| 00| 0 cze d
020 |a 9788027802852 
044 |a xr 
100 1 |a  Drábik, Jakub  |4 aut 
245 1 0 |a Fašismus /  |c  Drábik, Jakub 
264 1 |a Praha :  |b Nakladatelství Epocha s.r.o.,  |c 2026 
300 |a 1 online zdroj (712 stran) 
336 |a text  |b txt  |2 rdacontent 
337 |a bez média  |b n  |2 rdamedia 
338 |a online zdroj  |b cr  |2 rdacarrier 
520 2 |a V březnu 1919 se na milánském náměstí Piazza San Sepolcro shromáždilo několik desítek lidí v čele se zapáleným nacionalistou Benitem Mussolinim. Výsledkem byl vznik organizace nazvané Italské bojové svazky (Fasci Italiani di Combattimento). Na politické scéně se tak objevil nový fenomén – fašismus. Zpočátku malé a bezvýznamné hnutí získalo po třech letech v Itálii moc a v roce 1932 už Mussolini mohl sebevědomě vyhlašovat, že 20. století bude un secolo fascista – století fašismu. Ve třicátých letech 20. století se mohlo zdát, že měl pravdu. Různé národní odnože fašismu se objevily v každé evropské zemi, miliony lidí volili fašisty ve svobodných a demokratických volbách. Fašistická vize a slibovaný nový pořádek se mnohým zdály lákavé. Nedokázali ovšem rozpoznat nevyhnutelnou genocidní podstatu fašismu. Slovenský historik Jakub Drábik ve své knize objasňuje, co fašismus ve skutečnosti je, jak jej definovat, koho můžeme za fašistu označit, jak se fašismus navenek projevuje a také co z toho všeho vyplývá. Objasňuje motivaci i ideologii fašismu a vysvětluje, jak je možné, že miliony lidí lákání fašismu podlehly a žily, poslouchaly, pracovaly, obětovaly se, bojovaly a umíraly ve službách jedné z nejzhoubnějších ideologií lidských dějin. Na příkladu čtyř evropských zemí – Itálie, Německa, Velké Británie a Československa – znázorňuje, jak fungovala historická fašistická hnutí v meziválečném období, věnuje se ale také fašismu jako globálnímu fenoménu a popisuje, jak fungoval mimo Evropu. Nechybí ani aktuální kapitoly o vývoji fašismu po roce 1945 a též příklady toho, jak se projevuje fašismus ve 21. století a proč je jeho hrozba, bohužel, stále aktuální. „Drábikova kniha reflektuje nejnovější vývoj v komparativních studiích fašismu, teoriích a chápání specifických hnutí. Je významná i tím, že věnuje značnou pozornost i poválečenému vývoji fašismu." – Roger Griffin 
910 |a RBIT002 
998 |d 427107  |a https://core.palmknihy.cz/api/books/427107/cover?tf0hqn  |b https://core.palmknihy.cz/api/books/427107/cover/400?tf0hqn  |c https://core.palmknihy.cz/api/books/427107/cover/50?tf0hqn  |e 2031-05-14  |g 712  |i 9788027802852  |j https://core.palmknihy.cz/api/books/427107/preview.epub  |k https://core.palmknihy.cz/api/books/427107/preview.pdf  |l   |q 49  |r 1  |s https://www.palmknihy.cz/kniha/427107  |t ebook  |y 2026  |z 1 
999 |d 302983